Science Quiz

Random Science or Elements Quiz
Score 0/20 Timer 06:00
0 Plays Today
Elements Film % Correct
Calcium, Sulfur, Phosphorus, ErbiumCasper
86.9%
Titanium, Tantalum, Nickel, CarbonTitanic
85.8%
Boron, Ruthenium, Nitrogen, OxygenBrüno
80.9%
Radium and YttriumRay
80.6%
Radium and NitrogenRan
77.8%
Silicon, Carbon, Potassium, OxygenSicko
76%
Cobalt, Radium, Lithium, NeonCoraline
75.5%
Fluorine, Radium, Nitrogen, Titanium, CarbonFrantic
74.5%
Uranium and PhosphorusUp
73.7%
Calcium, Phosphorus, Oxygen, TelluriumCapote
72.8%
Elements Film % Correct
Helium and AstatineHeat
71.8%
Carbon, Radium, Nitrogen, PotassiumCrank
68.2%
Sodium, Carbon, Hydrogen, Oxygen, Lithium, Boron, RheniumNacho Libre
63.8%
Phosphorus, Oxygen, Calcium, Holmium, Nitrogen, Tantalum, SulfurPocahontas
63.3%
Ruthenium, Sulfur, Hydrogen, Molybdenum, RheniumRushmore
61.5%
Tin, Astatine, Carbon, HydrogenSnatch
56.4%
Boron, Rhenium, Actinium, HydrogenBreach
47.3%
Tungsten, Oxygen, Neodymium, Erbium, Boron, Oxygen, Yttrium, SulfurWonder Boys
47%
Molybdenum, Nitrogen, Sulfur, Tellurium, Rhodium, Oxygen, Uranium, SeleniumMonster House
43.5%
Samarium, Oxygen, Potassium, Iodine, Sodium, Cerium, SulfurSmokin' Aces
39.4%
Remove Ads.
Support Sporcle.
Get the best of Sporcle when you Go Orange. This ad-free experience offers more features, more stats, and more fun while also helping to support Sporcle. Thank you for becoming a member.

You're not logged in!

Compare scores with friends on all Sporcle quizzes.
OR
Log In

Show Comments

Extras

Top Quizzes Today


Score Distribution

Your Account Isn't Verified!

In order to create a playlist on Sporcle, you need to verify the email address you used during registration. Go to your Sporcle Settings to finish the process.

Report this User

Report this user for behavior that violates our Community Guidelines.

Details: